Statistiken für Quiz: deutschsprachige Komponisten #2

Klicken Sie hier um das Quiz zu spielen!

Allgemein

  • Dieses Quiz wurde 52 mal gespielt
  • Das Durchschnittsergebnis liegt bei 5 aus 16

Antwortstatistiken

Antwort% Korrekt
Wolfgang Amadeus Mozart
93%
Franz Peter Schubert
60%
Franz Liszt
56%
Hans Florian Zimmer
56%
Georg Friedrich Händel
49%
Gustav Mahler
49%
Arnold Schönberg
35%
Georg Philipp Telemann
30%
Kurt Julian Weill
28%
Hanns Eisler
9%
Johann Pachelbel
9%
Engelbert Humperdinck
5%
Johann Nepomuk Hummel
5%
Max Steiner
2%
Paul Lincke
2%
Bernd Alois Zimmermann
0%

Verteilung der Resultate

Perzentil nach korrekt beantworteten Fragen

Anzahl Personen mit jedem Resultat

Ihre Resultats-Entwicklung

Sie haben dieses Quiz noch nicht gespielt